000 00304nam a22001337a 4500
008 170419b xxu||||| |||| 00| 0 eng d
020 _a9780895828033
041 _aeng
080 _26 ED
_a573
100 _a11
101 _aSHM
245 _aA PHOTOGRAPHIC ATLAS BIOLOGY
_cVAN.K.M
942 _2udc
_cBK
999 _c11282
_d11282